[Event "It (open) \"]
[Site "masterchessopen.com – Hendersonville (USA)"]
[Date "2006.03.11"]
[Round "1"]
[White "Smith Garrett L (USA)"]
[Black "Harris Neal D (USA)"]
[Result "0-1"]
[WhiteElo "2096"]
[BlackElo "2139"]

1.e4 c5 2.Nf3 Nf6 3.Nc3 Nc6 4.d4 cxd4 5.Nxd4 d6 6.Bc4 e5 7.Nb3 Be6 8.Bxe6 fxe6
9.Bg5 a6 10.Qf3 h6 11.Qh3 Qd7 12.O-O-O Qf7 13.Rhe1 Be7 14.Re3 Ng4 15.Bxe7 Nxe3
16.Qxe3 Qxe7 17.Qb6 O-O 18.Nd2 Nd4 19.f3 Rfc8 20.Qb4 b5 {#R} 0-1

[Event "Ch Poland (juniors) (under 18) (g)"]
[Site "masterchessopen.com – Leba (Poland)"]
[Date "2006.03.30"]
[Round "8"]
[White "Staniszewska Adrianna (POL)"]
[Black "Szerszen Joanna (POL)"]
[Result "0-1"]
[WhiteElo "1727"]
[BlackElo "1861"]

1.e4 c5 2.Nf3 d6 3.d4 cxd4 4.Nxd4 Nf6 5.Nc3 Nc6 6.Bc4 g6 7.O-O Bg7 8.Nxc6 bxc6
9.f4 Qb6+ 10.Kh1 Ng4 11.Qe2 O-O 12.f5 Ne5 13.fxg6 hxg6 14.Bb3 Ba6 15.Qf2 Bxf1
16.Qxf1 Ng4 17.Bg5 Nf2+ 18.Kg1 Nxe4+ 19.Kh1 Nxg5 {#R} 0-1

[Event "It (open)"]
[Site "masterchessopen.com – Krakow (Poland)"]
[Date "2006.05.01"]
[Round "4"]
[White "Kachur Alexander (UKR)"]
[Black "Sharapov Evgeny (UKR)"]
[Result "0-1"]
[WhiteElo "2332"]
[BlackElo "2429"]

1.e4 c5 2.Nf3 d6 3.d4 cxd4 4.Nxd4 Nf6 5.Nc3 Nc6 6.Bc4 Qb6 7.Nb3 e6 8.O-O Be7
9.Bg5 O-O 10.Bxf6 gxf6 11.Kh1 Kh8 12.f4 Rg8 13.a4 a6 14.Qh5 Rg7 15.a5 Qc7
16.Na4 Nxa5 17.Nxa5 b5 18.Bb3 Qxa5 19.Nc3 Qb4 20.f5 Qc5 21.Qh3 Qe5 22.Rae1 a5
23.Nd5 Bd8 24.c3 b4 25.Nf4 a4 26.Bd5 exd5 27.exd5 Qxf5 {#R} 0-1

[Event "Ch Poland (juniors) (1 liga)"]
[Site "masterchessopen.com – Szklarska Poreba (Poland)"]
[Date "2006.07.03"]
[Round "2"]
[White "Gumula Daniel (POL)"]
[Black "Galazewski Tomasz (POL)"]
[Result "1-0"]
[WhiteElo "2359"]
[BlackElo "2205"]

1.e4 c5 2.Nf3 d6 3.d4 cxd4 4.Nxd4 Nf6 5.Nc3 Nc6 6.Bc4 Qb6 7.Nde2 e6 8.O-O Be7
9.Bb3 O-O 10.Kh1 a6 11.f4 Na5 12.f5 Bd7 13.Bg5 Qc7 14.Nf4 Nxb3 15.axb3 Rfe8
16.Qf3 h6 17.Bh4 b5 18.fxe6 fxe6 19.Qg3 b4 20.Bxf6 Bxf6 21.Nfd5 exd5 22.Nxd5
Be5 23.Nxc7 Bxg3 24.hxg3 {#r} 1-0

[Event "It (cat.7)"]
[Site "masterchessopen.com – Mionica (Yugoslavia)"]
[Date "2006.07.11"]
[Round "2"]
[White "Muratovic Alija (SRB)"]
[Black "Andonov Bogomil (BUL)"]
[Result "1-0"]
[WhiteElo "2462"]
[BlackElo "2371"]

1.e4 c5 2.Nf3 Nc6 3.d4 cxd4 4.Nxd4 Nf6 5.Nc3 d6 6.Bc4 Qb6 7.Nb3 e6 8.Qe2 Be7
9.a4 a6 10.a5 Qc7 11.Be3 Nd7 12.f4 O-O 13.O-O Nc5 14.Qf2 Nb4 15.Nxc5 dxc5
16.Na4 Qxa5 17.Nxc5 Qd8 18.c3 Nc6 19.e5 Rb8 20.Rad1 Qe8 21.Ne4 b5 22.Bd3 Bb7
23.Nf6+ gxf6 24.Bxh7+ Kh8 25.Qh4 fxe5 26.Qh6 {#r} 1-0

[Event "It (open)"]
[Site "masterchessopen.com – Andorra"]
[Date "2006.07.13"]
[Round "6"]
[White "Vila Gazquez Javier (ESP)"]
[Black "Damaso Rui (POR)"]
[Result "0-1"]
[WhiteElo "2404"]
[BlackElo "2449"]

1.e4 c5 2.Nf3 d6 3.d4 cxd4 4.Nxd4 Nf6 5.Nc3 Nc6 6.Bc4 Qb6 7.Nde2 e6 8.O-O a6
9.Ng3 Be7 10.Bb3 Bd7 11.Be3 Qc7 12.Na4 h5 13.Nb6 Rd8 14.f3 Ne5 15.c4 h4 16.Ne2
h3 17.g3 Bc6 18.Rc1 Qb8 19.Nc3 O-O 20.Rf2 Ned7 21.a4 Nxb6 22.Bxb6 Rc8 23.Qf1
Bd8 24.Bd4 e5 {#R} 0-1

[Event "It (open) (team)"]
[Site "masterchessopen.com – Pardubice (Czech Republic)"]
[Date "2006.07.13"]
[Round "3"]
[White "Trefny Vlastimil (CZE)"]
[Black "Zinchenko Yaroslav (UKR)"]
[Result "0-1"]
[WhiteElo "2246"]
[BlackElo "2503"]

1.e4 c5 2.Nf3 Nc6 3.d4 cxd4 4.Nxd4 Nf6 5.Nc3 d6 6.Bc4 Qb6 7.Ndb5 a6 8.Be3 Qa5
9.Nd4 e6 10.O-O Be7 11.f4 O-O 12.f5 Nxd4 13.Qxd4 Ng4 14.fxe6 Nxe3 15.Rxf7 Qg5
16.g3 Rxf7 17.exf7+ Kf8 18.Bb3 Qc5 19.Qxc5 dxc5 20.Nd5 c4 21.Nb6 Bc5 22.Nxa8
Nxc2+ 23.Kg2 cxb3 {#R} 0-1

[Event "It (open)"]
[Site "masterchessopen.com – Agios Kirykos (Greece)"]
[Date "2006.07.16"]
[Round "6"]
[White "Poulos Georgios (GRE)"]
[Black "Kolas Tore (NOR)"]
[Result "0-1"]
[WhiteElo "2019"]
[BlackElo "2208"]

1.e4 c5 2.Nf3 d6 3.d4 cxd4 4.Nxd4 Nf6 5.Nc3 Nc6 6.Bc4 Bd7 7.Bg5 e6 8.Ndb5 Qb8
9.Bxf6 gxf6 10.Qh5 a6 11.Na3 b5 12.Naxb5 axb5 13.Nxb5 Ne5 {#R} 0-1

[Event "Ch MinPros (b)"]
[Site "masterchessopen.com – Nizhnij Novgorod (Russia)"]
[Round "0"]
[White "Gutenev Alexander (RUS)"]
[Black "Simakov Alixey (RUS)"]
[Result "1-0"]
[WhiteElo "2256"]
[BlackElo "1930"]

1.e4 c5 2.Nf3 d6 3.d4 cxd4 4.Nxd4 Nf6 5.Nc3 Nc6 6.Bc4 Qb6 7.Nb3 a6 8.O-O e6
9.a4 Be7 10.Be3 Qc7 11.f4 O-O 12.a5 Nb4 13.Be2 d5 14.Bb6 Qc6 15.e5 Ne4 16.Nd4
Bc5 17.Kh1 Bxd4 18.Bxd4 Nc5 19.Qd2 Nd7 20.Ra4 Nxc2 21.Qxc2 Nc5 22.Rb4 Bd7
23.Rb6 Qc8 24.Nxd5 {#r} 1-0

[Event "It (open)"]
[Site "masterchessopen.com – Creon (France)"]
[Date "2006.08.01"]
[Round "3"]
[White "Rives Sylvain (FRA)"]
[Black "Bordas Laurent (FRA)"]
[Result "0-1"]
[WhiteElo "1620"]
[BlackElo "1601"]

1.e4 c5 2.Nf3 d6 3.Nc3 Nc6 4.Bc4 Nf6 5.d4 cxd4 6.Nxd4 g6 7.Bg5 Bg7 8.Qd2 O-O
9.f3 Bd7 10.Nxc6 Bxc6 11.Bh6 Rc8 12.g4 a6 13.h4 b5 14.Bb3 b4 15.h5 bxc3 16.Qe3
cxb2 17.Rb1 Qa5+ 18.Kd1 Qc5 19.Qd2 Bxe4 20.Rf1 Bxh6 21.Qxh6 Bxc2+ 22.Ke2 {#R}
0-1

[Event "It (open)"]
[Site "masterchessopen.com – Tibor (Czech Republic)"]
[Date "2006.08.05"]
[Round "9"]
[White "Gdovin Jan (CZE)"]
[Black "Pekarkova Eva (CZE)"]
[Result "1-0"]
[WhiteElo "2117"]
[BlackElo "1980"]

1.e4 c5 2.Nf3 Nc6 3.Nc3 d6 4.d4 cxd4 5.Nxd4 Nf6 6.Bc4 g6 7.Nxc6 bxc6 8.e5 Nd7
9.exd6 exd6 10.O-O Nf6 11.Re1+ Be7 12.Bh6 d5 13.Bg7 Be6 14.Bxh8 dxc4 15.Qf3
Nd5 16.Rad1 Qd7 17.Bf6 Bxf6 18.Nxd5 {#r} 1-0

[Event "Ch Moscow Region (open)"]
[Site "masterchessopen.com – Dubna (Russia)"]
[Date "2006.08.06"]
[Round "4"]
[White "Shugaev Sergey (RUS)"]
[Black "Luzhetskiy Yuri (RUS)"]
[Result "0-1"]
[WhiteElo "2128"]
[BlackElo "2128"]

1.e4 c5 2.Nf3 d6 3.d4 cxd4 4.Nxd4 Nf6 5.Nc3 Nc6 6.Bc4 Qb6 7.Nxc6 bxc6 8.O-O e6
9.Qe2 Be7 10.b3 O-O 11.Bb2 e5 12.Rad1 Bg4 13.Na4 Bxe2 14.Nxb6 Bxf1 15.Nxa8
Bxc4 {#R} 0-1

[Event "It (open)"]
[Site "masterchessopen.com – Aviles (Spain)"]
[Date "2006.08.08"]
[Round "4"]
[White "Serrano Campo Carlos (ESP)"]
[Black "Calleja Loma David (ESP)"]
[Result "0-1"]
[WhiteElo "1808"]
[BlackElo "1749"]

1.e4 c5 2.Nf3 Nc6 3.Bc4 Nf6 4.Nc3 d6 5.d4 cxd4 6.Nxd4 g6 7.O-O Bg7 8.Nb3 O-O
9.Bg5 Ne5 10.Bxf6 Bxf6 11.Bb5 a6 12.Bd3 Nxd3 13.Qxd3 Bg7 14.Rad1 b6 15.f4 Bb7
16.f5 Qc7 17.Nd5 Bxd5 18.exd5 Bxb2 19.fxg6 fxg6 20.Rxf8+ Rxf8 21.Rb1 Qc3
22.Qxc3 Bxc3 23.Nc1 Bd4+ 24.Kh1 Rf1# 0-1

[Event "Ch Pan-American (juniors) (under 10)"]
[Site "masterchessopen.com – South America"]
[Date "2006.08.08"]
[Round "8"]
[White "Henriquez Cristobal"]
[Black "Fiora Emilio (ARG)"]
[Result "0-1"]
[WhiteElo "1999"]
[BlackElo "1723"]

1.e4 c5 2.Nf3 d6 3.Nc3 Nc6 4.d4 cxd4 5.Nxd4 Nf6 6.Bc4 g6 7.O-O Bg7 8.Be3 O-O
9.Qd2 Bd7 10.Bb3 Ng4 11.Nde2 Nxe3 12.Qxe3 Na5 13.f4 Rc8 14.f5 Nc4 15.Bxc4 Rxc4
16.Rad1 b5 17.Qd3 a6 18.b3 Rc8 19.Nd5 Bc6 20.Kh1 Bxd5 21.exd5 Qd7 22.fxg6 hxg6
23.Rd2 Bh6 24.Nf4 Qg4 25.Qf3 Qxf3 26.Rxf3 {#R} 0-1

[Event "It \"]
[Site "masterchessopen.com – Chicago (USA)"]
[Date "2006.08.13"]
[Round "9"]
[White "Cheng Xiao (USA)"]
[Black "Kacheishvili Giorgi (GEO)"]
[Result "0-1"]
[WhiteElo "2285"]
[BlackElo "2581"]

1.e4 c5 2.Nf3 d6 3.d4 cxd4 4.Nxd4 Nf6 5.Nc3 Nc6 6.Bc4 Bd7 7.Nxc6 Bxc6 8.Qe2 e6
9.Bf4 a6 10.O-O-O Nd7 11.Bxd6 Bxd6 12.Rxd6 Qg5+ 13.Kb1 Qxg2 14.Rhd1 Qxh2
15.Qg4 O-O 16.Rxd7 Bxd7 17.Rxd7 Rad8 18.Rxd8 Rxd8 19.a3 Qxf2 20.Bd3 Qh2 21.e5
g6 22.Qg5 Rd4 23.a4 Qh4 24.Qg2 Rb4 25.Ne4 Qe1+ {#R} 0-1

[Event "Ch City (open)"]
[Site "masterchessopen.com – Nittenau (Germany)"]
[Round "5"]
[White "Pauer Franz"]
[Black "Preischl Manfred"]
[Result "1-0"]
[WhiteElo "1281"]
[BlackElo "1533"]

1.e4 c5 2.Nf3 d6 3.d4 cxd4 4.Nxd4 Nf6 5.Nc3 Nc6 6.Bc4 g6 7.O-O Bg7 8.Be3 O-O
9.h3 Nd7 10.a3 a6 11.f4 Na5 12.Ba2 b5 13.f5 Ne5 14.fxg6 hxg6 15.Rf4 Bh6 16.Qf1
Nac4 17.Bc1 Qb6 18.Ne2 Bxf4 19.Qxf4 Nc6 20.c3 e5 21.Qf6 exd4 22.Bh6 dxc3+
23.Kh1 {#r} 1-0

[Event "Czech League 2006/07 (2nd) (f)"]
[Site "masterchessopen.com – Czech Republic"]
[Date "2006.11.05"]
[Round "2"]
[White "Rambousek Jan (CZE)"]
[Black "Bulawa Marek (CZE)"]
[Result "1-0"]
[WhiteElo "2063"]
[BlackElo "2042"]

1.e4 c5 2.Nf3 d6 3.d4 cxd4 4.Nxd4 Nc6 5.Bc4 Nf6 6.Nc3 h6 7.Nxc6 bxc6 8.e5 Nh7
9.Qf3 e6 10.Qxc6+ Bd7 11.Qf3 dxe5 12.O-O Rc8 13.Bd3 Nf6 14.Be3 Bc6 15.Bb5 Bxb5
16.Nxb5 a6 17.Rfd1 Nd7 18.Na7 Rxc2 19.Rac1 Qc7 20.Qa8+ Ke7 21.Nc6+ Qxc6
22.Qxc6 Rxc6 23.Rxc6 Kf6 24.Rxd7 {#r} 1-0

[Event "Ch Norway (team) 2006/07"]
[Site "masterchessopen.com – Norway"]
[Date "2007.01.13"]
[Round "5"]
[White "Bae Torstein (NOR)"]
[Black "Fyllingen Roy Harald (NOR)"]
[Result "0-1"]
[WhiteElo "2381"]
[BlackElo "2403"]

1.e4 c5 2.Nf3 Nc6 3.d4 cxd4 4.Nxd4 Nf6 5.Nc3 d6 6.Bc4 Qb6 7.Nb3 e6 8.Be3 Qc7
9.Nb5 Qb8 10.f3 a6 11.N5d4 Ne5 12.Be2 h5 13.O-O d5 14.exd5 Nxd5 15.Qd2 Bd6
16.Nf5 exf5 17.Qxd5 Ng4 18.fxg4 Bxh2+ 19.Kh1 hxg4 20.Qd3 Qg3 21.Rae1 Be6
22.Bg5 Rh5 23.Qd2 Qc7 24.Be3 Bg1+ 25.Kxg1 Qh2+ 26.Kf2 Qh4+ 27.Kg1 g3 {#R} 0-1

[Event "Tournament"]
[Site "masterchessopen.com – Montreal (Canada)"]
[Date "2007.01.19"]
[Round "2"]
[White "Cloutier Mathieu"]
[Black "Gilbert Erick"]
[Result "1-0"]
[WhiteElo "2045"]
[BlackElo "1816"]

1.e4 c5 2.Nf3 Nc6 3.d4 cxd4 4.Nxd4 d6 5.Nc3 Nf6 6.Bc4 g6 7.Nxc6 bxc6 8.e5 Nh5
9.Qf3 e6 10.Bg5 Qc7 11.exd6 Bxd6 12.Nb5 Bb4+ 13.Kf1 O-O 14.Nxc7 {#r} 1-0

[Event "It (open)"]
[Site "masterchessopen.com – Belgrade (Yugoslavia)"]
[Date "2007.01.28"]
[Round "5"]
[White "Damjanovic Lazar (SRB)"]
[Black "Ivanovic Nikola (SRB)"]
[Result "1-0"]
[WhiteElo "2119"]
[BlackElo "2217"]

1.e4 c5 2.Nf3 Nc6 3.d4 cxd4 4.Nxd4 Nf6 5.Nc3 d6 6.Bc4 Qb6 7.Be3 Qxb2 8.Ndb5
Qb4 9.Qe2 Qa5 10.Bd2 Qd8 11.Nd5 Nxd5 12.exd5 Ne5 13.Bc3 a6 14.Nxd6+ exd6 15.f4
Bg4 16.Qe4 f5 17.Qe3 Rc8 18.Bb3 Rxc3 19.Qxc3 Nd7 20.O-O Nc5 21.Rae1+ Ne4 22.h3
Qb6+ 23.Kh2 h5 24.Qc8+ Ke7 25.Ba4 {#r} 1-0

[Event "Ch Moscow (1/2 final) (open)"]
[Site "masterchessopen.com – Moscow (Russia)"]
[Round "1"]
[White "Talybov Shukiur (RUS)"]
[Black "Charochkina Daria (RUS)"]
[Result "0-1"]
[WhiteElo "2029"]
[BlackElo "2403"]

1.e4 c5 2.Nf3 d6 3.d4 cxd4 4.Nxd4 Nf6 5.Nc3 Nc6 6.Bc4 Qb6 7.Nb3 e6 8.Be3 Qc7
9.Qe2 a6 10.f3 Be7 11.O-O O-O 12.a4 b6 13.Qf2 Rb8 14.Rfd1 Nb4 15.Bf1 d5 16.h3
h6 17.Rd2 Bd6 18.Qh4 Bg3 19.Qxf6 gxf6 20.Bxh6 Rd8 21.Rad1 Bf4 22.Bxf4 Qxf4
23.exd5 Nxd5 24.Nxd5 exd5 {#R} 0-1

[Event "It \"]
[Site "masterchessopen.com – Bad Homburg (Germany)"]
[Date "2007.06.09"]
[Round "6"]
[White "Issermann Ryhar (GER)"]
[Black "Feicht Arno (GER)"]
[Result "1-0"]
[WhiteElo "2273"]
[BlackElo "2127"]

1.e4 c5 2.Nf3 d6 3.d4 cxd4 4.Nxd4 Nf6 5.Nc3 Nc6 6.Bc4 Qb6 7.Nxc6 bxc6 8.O-O e6
9.a4 a5 10.Qd3 Be7 11.Qg3 Qc5 12.b3 Nh5 13.Qf3 O-O 14.Ba3 Qe5 15.Rad1 Rd8
16.Bb2 Qg5 17.Rfe1 Bf6 18.e5 Bxe5 19.Ne4 Qf4 20.Bxe5 Qxe5 21.Nxd6 Qg5 22.Qxf7+
Kh8 23.Ne4 {#r} 1-0

[Event "Ch City (open) (b)"]
[Site "masterchessopen.com – Wroclaw (Poland)"]
[Date "2007.06.28"]
[Round "7"]
[White "Oszczanowski Witold (POL)"]
[Black "Dmochowska Agnieszka (POL)"]
[Result "0-1"]
[WhiteElo "1408"]
[BlackElo "1463"]

1.e4 c5 2.Nf3 Nc6 3.d4 cxd4 4.Nxd4 Nf6 5.Nc3 d6 6.Bc4 e5 7.Nde2 h6 8.f3 Be7
9.Be3 O-O 10.Qd2 a6 11.g4 Nd7 12.O-O-O b5 13.Bb3 Rb8 14.Nd5 Bh4 15.Nb4 Nxb4
16.Qxb4 Be7 17.Qd2 a5 18.h4 Bxh4 19.Bxh6 gxh6 20.Kb1 Bg5 21.f4 exf4 22.Qxd6
Qf6 23.Qd3 Ne5 24.Qh3 Bxg4 {#R} 0-1

[Event "It (open) \"]
[Site "masterchessopen.com – Minsk (Belarus)"]
[Date "2007.07.11"]
[Round "2"]
[White "Frolochkin Vladimir (RUS)"]
[Black "Gasanov Eldar (UKR)"]
[Result "0-1"]
[WhiteElo "2325"]
[BlackElo "2503"]

1.e4 c5 2.Nf3 Nc6 3.d4 cxd4 4.Nxd4 Nf6 5.Nc3 d6 6.Bc4 Bd7 7.O-O g6 8.Nxc6 Bxc6
9.Qe2 Bg7 10.f4 O-O 11.Kh1 e6 12.f5 exf5 13.exf5 d5 14.Bb5 Re8 15.Qd3 Ne4
16.Bxc6 bxc6 17.Nxe4 Rxe4 18.c3 Qe7 19.Bd2 Re8 20.h3 Qh4 21.Qa6 Re2 22.Bf4 g5
23.Bd6 g4 24.Qa4 Rxg2 25.Kxg2 gxh3+ {#R} 0-1

[Event "It (open)"]
[Site "masterchessopen.com – Olomouc (Czech Republic)"]
[Date "2007.08.06"]
[Round "6"]
[White "Netzer Jean (FRA)"]
[Black "Pozin Sergey (RUS)"]
[Result "0-1"]
[WhiteElo "2393"]
[BlackElo "2452"]

1.e4 c5 2.Nf3 d6 3.d4 Nf6 4.Nc3 cxd4 5.Nxd4 Nc6 6.Bc4 Na5 7.Be2 g6 8.f4 Bg7
9.Be3 O-O 10.Nb3 Be6 11.g4 Rc8 12.g5 Rxc3 13.gxf6 Rxe3 14.fxg7 Re8 15.Qd4 Qb6
16.Qxb6 axb6 17.Nd4 Rxe4 18.Nxe6 fxe6 19.Rf1 Kxg7 20.Kd2 Rf8 21.b3 Rexf4 22.a4
Nc6 23.Ke3 e5 24.c3 d5 {#R} 0-1

[Event "It (open)"]
[Site "masterchessopen.com – Tarragona (Spain)"]
[Date "2007.08.20"]
[Round "3"]
[White "Del-Monaco Andrea (ITA)"]
[Black "Delchev Aleksander (BUL)"]
[Result "0-1"]
[WhiteElo "2275"]
[BlackElo "2613"]

1.e4 c5 2.Nf3 Nc6 3.d4 cxd4 4.Nxd4 Nf6 5.Nc3 d6 6.Bc4 Qb6 7.Nde2 e6 8.O-O Be7
9.Ng3 O-O 10.Bb3 Na5 11.Bg5 h6 12.Be3 Qc6 13.f4 b5 14.a4 b4 15.Nb5 Ba6 16.Qf3
Bxb5 17.axb5 Qxb5 18.Ba4 Qb7 19.f5 Kh8 20.fxe6 fxe6 21.Nh5 Nxh5 22.Qxh5 Qxe4
23.Bxh6 gxh6 24.Qxa5 Rg8 25.g3 Bd8 {#R} 0-1

[Event "It (open) \"]
[Site "masterchessopen.com – Thessaloniki (Greece)"]
[Date "2007.08.29"]
[Round "6"]
[White "Lauridsen Jesper Morch (DEN)"]
[Black "Kotanjian Tigran (ARM)"]
[Result "0-1"]
[WhiteElo "2253"]
[BlackElo "2534"]

1.e4 c5 2.Nf3 d6 3.d4 cxd4 4.Nxd4 Nf6 5.Nc3 Nc6 6.Bc4 Qb6 7.Nxc6 bxc6 8.O-O g6
9.a4 Bg7 10.a5 Qc7 11.Bg5 O-O 12.Re1 Rb8 13.Bb3 e6 14.Qd2 c5 15.Na4 Ba6 16.Qf4
Nh5 17.Qf3 h6 18.Bc1 c4 19.Ba2 Qc6 20.Nc3 Rb4 21.Qe3 Ra8 22.Ne2 Nf6 23.Nd4 Qc5
24.Qa3 h5 25.f3 Ng4 {#R} 0-1

[Event "Ch City (open)"]
[Site "masterchessopen.com – Warsaw (Poland)"]
[Date "2007.09.23"]
[Round "8"]
[White "Szelejewski Jan (POL)"]
[Black "Przybyla Kamil (POL)"]
[Result "0-1"]
[WhiteElo "1857"]
[BlackElo "2087"]

1.e4 c5 2.Nf3 Nc6 3.d4 cxd4 4.Nxd4 Nf6 5.Nc3 d6 6.Bc4 Qb6 7.Nxc6 bxc6 8.O-O g6
9.Be3 Qc7 10.f4 Bg7 11.Bb3 O-O 12.Qf3 e6 13.Rad1 d5 14.Bd4 Nd7 15.Bxg7 Kxg7
16.f5 Nf6 17.fxg6 fxg6 18.exd5 exd5 19.Qf4 Qxf4 20.Rxf4 Bf5 21.Re1 Rae8 22.Kf2
Ng4+ 23.Kf1 Bd3+ {#R} 0-1

[Event "It (open)"]
[Site "masterchessopen.com – Omis (Croatia)"]
[Date "2007.10.05"]
[Round "1"]
[White "Ljubas Ante (CRO)"]
[Black "Zaper Emir (CRO)"]
[Result "1-0"]
[WhiteElo "2099"]
[BlackElo "1796"]

1.e4 c5 2.Nf3 d6 3.d4 cxd4 4.Nxd4 Nf6 5.Nc3 Nc6 6.Bc4 Nxd4 7.Qxd4 e5 8.Qd1 h6
9.O-O a6 10.a4 Qc7 11.Bb3 b6 12.Nd5 Nxd5 13.Qxd5 Rb8 14.Qd3 g6 15.f4 exf4
16.Bxf4 Be6 17.Bxe6 fxe6 18.e5 Qc5+ 19.Kh1 Rg8 20.exd6 Rg7 21.d7+ {#r} 1-0

[Event "Ch St. Petersburg (juniors) (under 18) (g)"]
[Site "masterchessopen.com – St. Petersburg (Russia)"]
[Date "2007.10.13"]
[Round "9"]
[White "Sokolova Vera (RUS)"]
[Black "Manina Ksenia (RUS)"]
[Result "1-0"]
[WhiteElo "2009"]
[BlackElo "1995"]

1.e4 c5 2.Nf3 Nc6 3.d4 cxd4 4.Nxd4 Nf6 5.Nc3 d6 6.Bc4 Bd7 7.O-O g6 8.f4 Be6
9.Nxe6 fxe6 10.f5 exf5 11.exf5 gxf5 12.Rxf5 Kd7 13.Na4 e6 14.Rf3 Bg7 15.Bf4
Ke7 {#r} 1-0

[Event "It (open) (seniors)"]
[Site "masterchessopen.com – Calvia (Spain)"]
[Date "2007.10.15"]
[Round "1"]
[White "Schuermans Robert (BEL)"]
[Black "Gonzalo Gonzalez Francisco (ESP)"]
[Result "1-0"]
[WhiteElo "2219"]
[BlackElo "1857"]

1.e4 c5 2.Nf3 Nc6 3.d4 cxd4 4.Nxd4 d6 5.Nc3 Nf6 6.Bc4 Bg4 7.f3 Bd7 8.Be3 g6
9.Qd2 Bg7 10.h4 h5 11.O-O-O Nxd4 12.Bxd4 a6 13.Nd5 O-O 14.Bb6 Qe8 15.Nc7 Qc8
16.Bb3 Rb8 17.g4 hxg4 18.Qg5 Kh7 19.h5 gxh5 20.Rxh5+ Nxh5 21.Qxh5+ Bh6+ 22.Be3
e6 23.Qxh6+ {#r} 1-0

[Event "Ch Chess Club (final)"]
[Site "masterchessopen.com – Voronezh (Russia)"]
[Date "2007.10.18"]
[Round "3"]
[White "Sokolovsky Victor (RUS)"]
[Black "Chernov Vladimir (RUS)"]
[Result "0-1"]
[WhiteElo "2096"]
[BlackElo "2083"]

1.e4 c5 2.Nf3 Nc6 3.d4 cxd4 4.Nxd4 Nf6 5.Nc3 d6 6.Bc4 Qb6 7.Ndb5 a6 8.Be3 Qa5
9.Nd4 e6 10.O-O Be7 11.f4 O-O 12.Kh1 Nxd4 13.Qxd4 b5 14.e5 Ne8 15.Bd3 f5
16.exf6 Nxf6 17.Ne4 Qc7 {#R} 0-1

[Event "Ch Chess Club (final)"]
[Site "masterchessopen.com – Voronezh (Russia)"]
[Date "2007.10.22"]
[Round "7"]
[White "Sokolovsky Victor (RUS)"]
[Black "Golovchanov Artiom (RUS)"]
[Result "1-0"]
[WhiteElo "2096"]
[BlackElo "2055"]

1.e4 c5 2.Nf3 d6 3.d4 cxd4 4.Nxd4 Nf6 5.Nc3 Nc6 6.Bc4 Qb6 7.Ndb5 a6 8.Be3 Qa5
9.Nd4 Ne5 10.Bb3 Nxe4 11.O-O Nxc3 12.bxc3 g6 13.f4 Ng4 14.Qd2 Bg7 15.Rae1 O-O
16.f5 Be5 17.Bf4 Qc5 18.fxg6 hxg6 19.h3 Bxf4 20.Qxf4 Ne5 21.Qh6 e6 22.Re4 f5
23.Rh4 Kf7 24.Kh1 Bd7 25.Nxf5 Ke8 26.Ng7+ {#r} 1-0

[Event "Czech League 2007/08 (krajsky prebor)"]
[Site "masterchessopen.com – Czech Republic"]
[Date "2007.10.28"]
[Round "1"]
[White "Rechtenberg Karel"]
[Black "Fojtu Frantisek"]
[Result "1-0"]
[WhiteElo "1862"]
[BlackElo "1646"]

1.e4 c5 2.Nf3 Nc6 3.d4 cxd4 4.Nxd4 d6 5.Nc3 Nf6 6.Bc4 g6 7.Nxc6 bxc6 8.e5 Ng4
9.exd6 exd6 10.O-O Qh4 11.h3 Ne5 12.Bb3 d5 13.Nxd5 Qd8 14.Bf4 Bg7 15.Bxe5 Bxe5
16.Re1 Be6 17.Rxe5 O-O 18.Ne3 Qf6 19.Qd4 Rad8 20.Qc3 Bxb3 21.axb3 Qf4 22.Rxa7
Rd4 23.Rae7 h5 24.g3 {#r} 1-0

[Event "Landesliga 2007/08"]
[Site "masterchessopen.com – Mecklenburg-Vorpommern (Germany)"]
[Date "2007.11.04"]
[Round "2"]
[White "Oldach Ehrenfried (GER)"]
[Black "Rossmann Andreas (GER)"]
[Result "0-1"]
[WhiteElo "2089"]
[BlackElo "2151"]

1.e4 c5 2.Nf3 Nc6 3.d4 cxd4 4.Nxd4 Nf6 5.Nc3 d6 6.Bc4 Qb6 7.Ndb5 a6 8.Be3 Qa5
9.Nd4 Nxe4 10.Nxc6 bxc6 11.Bxf7+ Kxf7 12.Qf3+ Nf6 13.Qxc6 Rb8 14.Ba7 Bb7
15.Qc4+ d5 16.Qf4 e5 {#R} 0-1

[Event "Ch Poland (juniors) (under 20) (g) (1/2 final)"]
[Site "masterchessopen.com – Chotowa (Poland)"]
[Date "2007.11.07"]
[Round "5"]
[White "Toma Katarzyna (POL)"]
[Black "Wisniowska Klaudia (POL)"]
[Result "1-0"]
[WhiteElo "2283"]
[BlackElo "1851"]

1.e4 c5 2.Nf3 d6 3.d4 cxd4 4.Nxd4 Nf6 5.Nc3 Nc6 6.Bc4 Qb6 7.Nxc6 bxc6 8.O-O e5
9.b3 Be7 10.Be3 Qc7 11.f3 O-O 12.Qe2 Be6 13.Rad1 Rfd8 14.Bxe6 fxe6 15.f4 d5
16.fxe5 Qxe5 17.Bd4 Qd6 18.e5 {#r} 1-0

[Event "Ch Poland (juniors) (under 20) (g) (1/2 final)"]
[Site "masterchessopen.com – Chotowa (Poland)"]
[Date "2007.11.10"]
[Round "8"]
[White "Warakomska Anna (POL)"]
[Black "Leks Hanna (POL)"]
[Result "1-0"]
[WhiteElo "2167"]
[BlackElo "2199"]

1.e4 c5 2.Nf3 d6 3.d4 cxd4 4.Nxd4 Nf6 5.Nc3 Nc6 6.Bc4 Qb6 7.Nxc6 bxc6 8.O-O e5
9.Bg5 Qxb2 10.Qd3 Qb7 11.Bxf6 gxf6 12.Nd5 Bg7 13.Qg3 Kf8 14.Rab1 Qd7 15.Rfd1
Bb7 16.Ne3 Rg8 17.Nf5 d5 18.Qa3+ {#r} 1-0

[Event "Cup Belgrade (open)"]
[Site "masterchessopen.com – Obrenovac (Yugoslavia)"]
[Date "2007.11.22"]
[Round "1"]
[White "Parligras Mircea (ROM)"]
[Black "Damjanovic Lazar (SRB)"]
[Result "1-0"]
[WhiteElo "2553"]
[BlackElo "2119"]

1.e4 c5 2.Nf3 d6 3.d4 cxd4 4.Nxd4 Nf6 5.Nc3 Nc6 6.Bc4 Qb6 7.Nxc6 bxc6 8.O-O e5
9.Qd3 Be7 10.Bg5 O-O 11.b3 Kh8 12.Kh1 Be6 13.Bxf6 gxf6 14.f4 Bxc4 15.Qxc4 Rg8
16.Qxf7 Rg7 17.Qc4 Rag8 18.g3 f5 19.fxe5 d5 20.exd5 Rxg3 21.hxg3 Rxg3 22.d6
Rg4 23.dxe7 {#r} 1-0